Elige los correctos! - Estadísticas

Estadísticas generales
  • Esta prueba ha sido intentada 46 veces
  • La puntuación promedio es 68 de 125
Estadísticas de respuestas
Pregunta Azulejo Select % Correcto
Selecciona a las verduras! (Las respuestas dudosas son por las características de las verduras que cumplen estas) Coco No
97%
Selecciona a las verduras! (Las respuestas dudosas son por las características de las verduras que cumplen estas) Frambuesa No
97%
Selecciona a las verduras! (Las respuestas dudosas son por las características de las verduras que cumplen estas) Limón No
97%
Selecciona a las verduras! (Las respuestas dudosas son por las características de las verduras que cumplen estas) Manzana No
97%
Selecciona a las verduras! (Las respuestas dudosas son por las características de las verduras que cumplen estas) Pera No
97%
Selecciona a las verduras! (Las respuestas dudosas son por las características de las verduras que cumplen estas) Brócoli
95%
Selecciona a las verduras! (Las respuestas dudosas son por las características de las verduras que cumplen estas) Papaya No
95%
Selecciona a las verduras! (Las respuestas dudosas son por las características de las verduras que cumplen estas) Durazno No
92%
Selecciona a las verduras! (Las respuestas dudosas son por las características de las verduras que cumplen estas) Maracuya No
92%
Selecciona a las verduras! (Las respuestas dudosas son por las características de las verduras que cumplen estas) Espinaca
85%
Selecciona a las verduras! (Las respuestas dudosas son por las características de las verduras que cumplen estas) Lechuga
85%
Selecciona a las verduras! (Las respuestas dudosas son por las características de las verduras que cumplen estas) Zapayo No
85%
Selecciona a las verduras! (Las respuestas dudosas son por las características de las verduras que cumplen estas) Arbeja No
82%
Selecciona a las verduras! (Las respuestas dudosas son por las características de las verduras que cumplen estas) Col
82%
Selecciona a las verduras! (Las respuestas dudosas son por las características de las verduras que cumplen estas) Repollo
82%
Elige a las NO capitales! (Incluidas las que fueron capitales antes) Sevilla
79%
Elige a las NO capitales! (Incluidas las que fueron capitales antes) Copenhague No
77%
Selecciona a las verduras! (Las respuestas dudosas son por las características de las verduras que cumplen estas) Aguacate No
74%
Elige a las NO capitales! (Incluidas las que fueron capitales antes) Milán
72%
Selecciona a las verduras! (Las respuestas dudosas son por las características de las verduras que cumplen estas) Pepino
72%
Elige a las NO capitales! (Incluidas las que fueron capitales antes) Sao Paulo
72%
Elige a las NO capitales! (Incluidas las que fueron capitales antes) Brujas
69%
Elige a las NO capitales! (Incluidas las que fueron capitales antes) Pompeya
69%
Selecciona los países que NO pertenecen a el sudoeste asiático! Siria No
69%
Selecciona a las verduras! (Las respuestas dudosas son por las características de las verduras que cumplen estas) Zanahoria
69%
Elige a las NO capitales! (Incluidas las que fueron capitales antes) Kingstown No
67%
Elige a las NO capitales! (Incluidas las que fueron capitales antes) Pretoria No
67%
Selecciona los números primos entre todos estos! 35 No
64%
Selecciona los países que NO pertenecen a el sudoeste asiático! Barein No
64%
Selecciona los países que NO pertenecen a el sudoeste asiático! Irak No
64%
Elige a las NO capitales! (Incluidas las que fueron capitales antes) Kinsasha No
64%
Elige a las NO capitales! (Incluidas las que fueron capitales antes) Kioto
64%
Elige a las NO capitales! (Incluidas las que fueron capitales antes) Nueva Ámsterdam (Nueva york)
64%
Elige a las NO capitales! (Incluidas las que fueron capitales antes) Shanghái
64%
Selecciona los números primos entre todos estos! 55 No
62%
Selecciona los números primos entre todos estos! 62 No
62%
Selecciona los países que NO pertenecen a el sudoeste asiático! Catar No
62%
Selecciona a las verduras! (Las respuestas dudosas son por las características de las verduras que cumplen estas) Frijol No
62%
Selecciona a las verduras! (Las respuestas dudosas son por las características de las verduras que cumplen estas) Habichuela No
62%
Selecciona los países que NO pertenecen a el sudoeste asiático! Iran No
62%
Selecciona los países que NO pertenecen a el sudoeste asiático! Libano No
62%
Elige a las NO capitales! (Incluidas las que fueron capitales antes) Medellín
62%
Selecciona los números primos entre todos estos! 21 No
59%
Selecciona los números primos entre todos estos! 25 No
59%
Selecciona los números primos entre todos estos! 9 No
59%
Selecciona los números primos entre todos estos! 95 No
59%
Selecciona los números primos entre todos estos! 99 No
59%
Selecciona los países que NO pertenecen a el sudoeste asiático! Arabia saudi No
59%
Elige el único color que no concuerda en este mosaico! Azul No
59%
Elige el único color que no concuerda en este mosaico! Cian No
59%
Elige el único color que no concuerda en este mosaico! Dorado No
59%
Selecciona los países que NO pertenecen a el sudoeste asiático! Emiratos Árabes Unidos No
59%
Elige el único color que no concuerda en este mosaico! Magenta No
59%
Elige el único color que no concuerda en este mosaico! Morado No
59%
Elige el único color que no concuerda en este mosaico! Naranja No
59%
Elige el único color que no concuerda en este mosaico! Negro No
59%
Elige el único color que no concuerda en este mosaico! Verde No
59%
Selecciona los números primos entre todos estos! 88 No
56%
Elige el único color que no concuerda en este mosaico! Bronce No
56%
Elige el único color que no concuerda en este mosaico! Café oscuro No
56%
Elige el único color que no concuerda en este mosaico! Gris No
56%
Elige el único color que no concuerda en este mosaico! Gris oscuro No
56%
Selecciona los países que NO pertenecen a el sudoeste asiático! Kuwait No
56%
Elige el único color que no concuerda en este mosaico! Lima No
56%
Selecciona los países que NO pertenecen a el sudoeste asiático! Pakistan No
56%
Elige el único color que no concuerda en este mosaico! Rojo No
56%
Selecciona los países que NO pertenecen a el sudoeste asiático! Somalia
56%
Elige el único color que no concuerda en este mosaico! Violeta No
56%
Selecciona los números primos entre todos estos! 69 No
54%
Selecciona los números primos entre todos estos! 77 No
54%
Selecciona los números primos entre todos estos! 81 No
54%
Elige el único color que no concuerda en este mosaico! Azul cielo No
54%
Elige a las NO capitales! (Incluidas las que fueron capitales antes) Malmo
54%
Elige el único color que no concuerda en este mosaico! Plateado No
54%
Elige el único color que no concuerda en este mosaico! Roble No
54%
Selecciona los números primos entre todos estos! 1
51%
Selecciona los números primos entre todos estos! 19
51%
Selecciona los números primos entre todos estos! 37
51%
Elige a las NO capitales! (Incluidas las que fueron capitales antes) Casablanca
51%
Elige a las NO capitales! (Incluidas las que fueron capitales antes) Sídney
51%
Selecciona los países que NO pertenecen a el sudoeste asiático! Sudan del Sur
51%
Selecciona los números primos entre todos estos! 17
49%
Selecciona los números primos entre todos estos! 23
49%
Selecciona los números primos entre todos estos! 41
49%
Selecciona los números primos entre todos estos! 97
49%
Elige el único color que no concuerda en este mosaico! Amarillo No
49%
Elige el único color que no concuerda en este mosaico! Blanco No
49%
Elige el único color que no concuerda en este mosaico! Mandarina No
49%
Elige el único color que no concuerda en este mosaico! Musgo No
49%
Elige el único color que no concuerda en este mosaico! Navi No
49%
Elige el único color que no concuerda en este mosaico! Rosa No
49%
Selecciona los números primos entre todos estos! 31
46%
Selecciona los números primos entre todos estos! 71
46%
Selecciona los números primos entre todos estos! 93 No
46%
Elige a las NO capitales! (Incluidas las que fueron capitales antes) Mumbai
46%
Selecciona los números primos entre todos estos! 51 No
44%
Elige a las NO capitales! (Incluidas las que fueron capitales antes) Cartago No
44%
Elige a las NO capitales! (Incluidas las que fueron capitales antes) Porto novo No
44%
Selecciona los números primos entre todos estos! 47
41%
Elige a las NO capitales! (Incluidas las que fueron capitales antes) Alejandria No
38%
Selecciona los números primos entre todos estos! 79
36%
Elige a las NO capitales! (Incluidas las que fueron capitales antes) Dubái
36%
Selecciona los países que NO pertenecen a el sudoeste asiático! Georgia
36%
Selecciona los países que NO pertenecen a el sudoeste asiático! Turquia
36%
Selecciona los países que NO pertenecen a el sudoeste asiático! Chipre No
33%
Selecciona los países que NO pertenecen a el sudoeste asiático! Libia
33%
Selecciona los países que NO pertenecen a el sudoeste asiático! Maldivas
33%
Selecciona los países que NO pertenecen a el sudoeste asiático! Taiwán
33%
Selecciona los países que NO pertenecen a el sudoeste asiático! India
31%
Selecciona a las verduras! (Las respuestas dudosas son por las características de las verduras que cumplen estas) Pimentón
31%
Elige a las NO capitales! (Incluidas las que fueron capitales antes) San Petersburgo No
31%
Selecciona los países que NO pertenecen a el sudoeste asiático! Armenia
26%
Selecciona los países que NO pertenecen a el sudoeste asiático! Afganistan
23%
Elige a las NO capitales! (Incluidas las que fueron capitales antes) Guadalajara No
23%
Selecciona a las verduras! (Las respuestas dudosas son por las características de las verduras que cumplen estas) Tomate
23%
Selecciona los países que NO pertenecen a el sudoeste asiático! Turkmenistan
23%
Elige a las NO capitales! (Incluidas las que fueron capitales antes) Cartagena No
21%
Selecciona los países que NO pertenecen a el sudoeste asiático! Kirguistan
21%
Elige a las NO capitales! (Incluidas las que fueron capitales antes) Rio de Janeiro No
18%
Selecciona los países que NO pertenecen a el sudoeste asiático! Azerbaiyan
15%
Selecciona los países que NO pertenecen a el sudoeste asiático! Egipto No
15%
Selecciona a las verduras! (Las respuestas dudosas son por las características de las verduras que cumplen estas) Vainilla
5%
Elige el único color que no concuerda en este mosaico! Café
3%
Selecciona a las verduras! (Las respuestas dudosas son por las características de las verduras que cumplen estas) Piña
0%
Selecciona a las verduras! (Las respuestas dudosas son por las características de las verduras que cumplen estas) Sandia
0%
No se encontraron pruebas coincidentes
Distribución de puntuación
Porcentaje de gente con cada puntuación
Porcentaje por número respondido
Historial de tus puntuaciones
No has intentado esta prueba.